000 00618nam a2200229Ia 4500
999 _c85
_d85
003 0100
008 130227s9999 xx 000 0 und d
040 _cARRUPELIB
050 _aDT1714.O32 1920
100 _aUnion of Souith Africa
_931203
245 _aOfficial year book of the Union
245 _band of Basutoland, Bechuanaland Protectorate and Swaziland
260 _bGovernment Printing & Stationery Office
_aPretoria
_c1920
300 _axix
300 _b 975p 25cm
440 _aOfficial year book n.3
_931204
650 _bAfrica, South
_xYearbook
_931205
942 _2lcc
_cMONOGRAPH